000 00804nam a2200229Ii 4500
003 JO-AjNU
008 230605s9999||||xx |||||||||||||| ||und||
017 _a2003/11183
020 _a977-305-507-8
040 _aJO-AjNU
_bara
_erda
_cJO-AjNU
041 _aara
050 1 4 _aPJ7846.A8756.Z85 2003
100 3 _aتأليف شحاته،محمد سعد,
_eauthor
_918657
245 0 0 _aالعلاقات النحوية وتشكيل الصورة الشعرية عند محمد عفيفي مطر
250 _aط1
264 3 1 _aالقاهرة:الهيئة العامة لقصور الثقافة،2003
300 _a374ص
336 _atext
_btxt
_2rdacontent
337 _aunmediated
_bn
_2rdamedia
338 _avolume
_bnc
_2rdacarrier
650 4 _aالشعر العربي - تحليل ونقد 
_918658
999 _aA6009
_c9577
_d9577